Manchester City players (2010-2020) - Statistics

General Stats
  • This quiz has been taken 54 times
  • The average score is 53 of 84
Answer Stats
Rank Player Positions Nationality Matches Goals (assists) Period % Correct
1 David Silva AM 309 60 (101) 2010-2020
100%
17 Ederson GK 109 0 (1) 2017-2020
100%
10 Kevin De Bruyne AM 152 36 (65) 2015-2020
100%
2 Sergio Agüero ST 263 180 (47) 2011-2020
100%
18 Bernardo Silva AM 105 19 (18) 2017-2020
98%
14 Edin Džeko ST 130 50 (13) 2010-2015
98%
5 Joe Hart GK 216 0 (0) 2010-2016
98%
22 Kyle Walker RB 94 2 (11) 2017-2020
98%
9 Raheem Sterling RW 164 68 (35) 2015-2020
98%
29 Riyad Mahrez RW 60 18 (16) 2018-2020
98%
4 Fernandinho DM 224 18 (18) 2013-2020
95%
20 İlkay Gündoğan CM 102 15 (6) 2016-2020
95%
7 Pablo Zabaleta RB 174 8 (16) 2010-2017
95%
6 Vincent Kompany CB 206 15 (5) 2010-2019
95%
3 Yaya Touré CM 230 60 (31) 2010-2018
95%
8 Aleksandar Kolarov LB 165 11 (21) 2010-2017
93%
19 Gabriel Jesus ST 102 41 (18) 2016-2020
93%
25 John Stones CB 85 0 (0) 2016-2020
93%
39 Kolo Touré CB 51 1 (0) 2010-2013
90%
23 Leroy Sané RW 90 25 (30) 2016-2020
90%
13 Nicolás Otamendi CB 136 8 (2) 2015-2020
90%
41 Oleksandr Zinchenko LB 41 0 (3) 2017-2020
90%
43 Benjamin Mendy LB 36 0 (8) 2017-2020
88%
26 Carlos Tevez ST 78 35 (18) 2010-2013
88%
51 Claudio Bravo GK 29 0 (0) 2016-2018, 2019-2020
85%
11 James Milner CM 147 13 (24) 2010-2015
85%
42 Phil Foden RW 41 6 (3) 2017-2020
85%
30 Aymeric Laporte CB 59 4 (3) 2017-2020
83%
36 Mario Balotelli ST 54 20 (2) 2010-2013
83%
15 Samir Nasri AM 129 18 (32) 2011-2017
83%
12 Gaël Clichy LB 138 2 (11) 2011-2017
80%
54 João Cancelo RB 17 0 (0) 2019-2020
80%
45 Rodri DM 35 3 (2) 2019-2020
80%
16 Jesús Navas RB 123 4 (22) 2013-2017
78%
60 ST 12 0 (0) 2010-2011
78%
64 Emmanuel Adebayor ST 8 1 (0) 2010-2011
76%
28 Fernando DM 64 4 (2) 2014-2017
76%
35 Bacary Sagna RB 54 0 (4) 2014-2017
73%
37 Nigel de Jong DM 54 1 (0) 2010-2013
71%
52 Willy Caballero GK 23 0 (0) 2014-2017
71%
71 Aleix García CM 4 0 (0) 2016-2017
68%
58 Eric García CB 13 0 (0) 2019-2020
68%
38 Javi García DM 53 2 (0) 2012-2014
68%
77 Manu García AM 1 0 (0) 2015-2016
68%
27 Martín Demichelis CB 78 3 (1) 2013-2016
68%
61 Stefan Savic CB 11 1 (0) 2011-2012
68%
44 Wilfried Bony ST 36 6 (4) 2014-2016
68%
32 Eliaquim Mangala CB 57 0 (2) 2014-2016, 2017-2018
66%
49 Frank Lampard CM 32 6 (1) 2014-2015
66%
21 Gareth Barry DM 98 4 (8) 2010-2013
66%
24 Joleon Lescott CB 89 6 (3) 2010-2014
66%
40 Kelechi Iheanacho ST 46 12 (4) 2015-2017
66%
34 Micah Richards RB 56 2 (6) 2010-2014
66%
53 Nolito LW 19 4 (2) 2016-2017
66%
33 Fabian Delph CM 57 4 (3) 2015-2019
63%
48 Álvaro Negredo ST 32 9 (4) 2013-2014
61%
46 Danilo CB 34 4 (1) 2017-2019
61%
47 Matija Nastasić CB 34 0 (0) 2012-2014
59%
50 Stevan Jovetić CF 30 8 (4) 2013-2015
59%
67 Angeliño LB 6 0 (0) 2019-2020
46%
69 Brahim Díaz RW 5 0 (0) 2017-2018
44%
56 Jérôme Boateng CB 16 0 (0) 2010-2011
44%
31 Adam Johnson RW 57 10 (8) 2010-2012
39%
65 Costel Pantilimon GK 7 0 (0) 2013-2014
39%
62 Dedryck Boyata CB 10 0 (0) 2010-2011, 2013-2015
34%
66 Shaun Wright-Phillips RW 7 0 (0) 2010-2011
34%
82 Roque Santa Cruz ST 1 0 (0) 2010-2011
29%
63 Maicon RB 9 0 (0) 2012-2013
22%
74 Lukas Nmecha ST 2 0 (0) 2017-2018
20%
59 Scott Sinclair LW 13 0 (0) 2012-2013, 2014-2015
20%
75 Bersant Celina AM 1 0 (1) 2015-2016
15%
57 Patrick Vieira DM 15 2 (1) 2010-2011
15%
55 Jack Rodwell CB 16 2 (0) 2012-2014
12%
73 Wayne Bridge LB 3 0 (0) 2010-2011
12%
76 Karim Rekik CB 1 0 (0) 2012-2013
10%
80 Patrick Roberts RW 1 0 (0) 2015-2016
10%
70 David Pizarro CM 5 0 (1) 2011-2012
7%
79 Owen Hargreaves DM 1 0 (0) 2011-2012
7%
72 José Pozo AM 3 0 (0) 2014-2015
5%
78 Nedum Onuoha CB 1 0 (0) 2011-2012
5%
68 Abdul Razak CM 5 0 (0) 2010-2013
2%
84 Tommy Doyle CM 1 0 (0) 2019-2020
2%
81 Reece Wabara RB 1 0 (0) 2010-2011
0%
83 Ryan McGivern CB 1 0 (0) 2010-2011
0%
No matching quizzes found
Score Distribution
Percent of People with Each Score
Percentile by Number Answered
Your Score History
You have not taken this quiz